Salta al contenuto

Экономика общественного сектора: методические указания по изучению дисциплины для бакалавров направления 38.03.01 «Экономика»

В методических указаниях приведены учебная программа дисциплины, методические указания по изучению тем курса «Экономика общественного сектора». Изложена основная и дополнительная литература по изучению курса. Методические указания предназначены для бакалавров, обучающихся по направлению 38.03.01 «Эк...

Descrizione completa

Salvato in:
Dettagli Bibliografici
Natura: Книга
Lingua:Russian
Pubblicazione: Санкт-Петербург СПбГЛТУ 2014
Accesso online:http://e.lanbook.com/books/element.php?pl1_id=55713
https://e.lanbook.com/img/cover/book/55713.jpg
Tags: Aggiungi Tag
Nessun Tag, puoi essere il primo ad aggiungerne! !
LEADER 01553nam0a2200217 i 4500
001 55713
003 RuSpLAN
005 20221220173929.0
008 221220s2014 ru gs 000 0 rus
040 |a RuSpLAN 
041 0 |a rus 
044 |a ru 
245 0 0 |a Экономика общественного сектора: методические указания по изучению дисциплины для бакалавров направления 38.03.01 «Экономика» 
260 |a Санкт-Петербург  |b СПбГЛТУ  |c 2014 
300 |a 44 с. 
504 |a Библиогр.: доступна в карточке книги, на сайте ЭБС Лань 
520 8 |a В методических указаниях приведены учебная программа дисциплины, методические указания по изучению тем курса «Экономика общественного сектора». Изложена основная и дополнительная литература по изучению курса. Методические указания предназначены для бакалавров, обучающихся по направлению 38.03.01 «Экономика». 
521 8 |a Книга из коллекции СПбГЛТУ - Экономика и менеджмент 
856 4 |u http://e.lanbook.com/books/element.php?pl1_id=55713 
856 4 8 |u https://e.lanbook.com/img/cover/book/55713.jpg 
953 |a https://e.lanbook.com/img/cover/book/55713.jpg